[Event "Europa tch 2011 femenino"]
[Site "Porto Carras"]
[Date "2011.11.10"]
[Round "8.6"]
[White "L'ami, Alina"]
[Black "Krivec, Jana"]
[Result "1-0"]
[WhiteElo "2364"]
[BlackElo "2291"]
[PlyCount "79"]
[EventDate "2011.11.03"]
[EventType "team"]
[EventRounds "9"]
[EventCountry "GRE"]
[Source "lmi"]
[SourceDate "2011.11.03"]
[WhiteTeamCountry "NED"]
[BlackTeamCountry "GRE"]

1. d4 d5 2. c4 dxc4 3. Nf3 Nf6 4. e3 e6 5. Bxc4 a6 6. O-O c5 7. Bb3 cxd4 8.
exd4 Nc6 9. Nc3 Be7 10. Bg5 O-O 11. Qd2 Qa5 12. Rad1 Rd8 13. Rfe1 h6 14. Bf4
Qh5 15. Bc2 g5 16. Bc7 Rd7 17. Bg3 Bc5 18. Qe3 Bd6 19. Ne5 Rd8 20. Nxc6 bxc6
21. Bxd6 Rxd6 22. Qe5 Ne8 23. d5 f6 24. Qe4 f5 25. Qb4 cxd5 26. Bxf5 exf5 27.
Rxe8+ Qxe8 28. Qxd6 Be6 29. Nxd5 Bxd5 30. Qxd5+ Kh8 31. Qxf5 Qc6 32. h3 Re8 33.
Rd7 Qc1+ 34. Kh2 Qf4+ 35. Qxf4 gxf4 36. Rd6 Re2 37. Rxh6+ Kg7 38. Rxa6 Rxf2 39.
b3 Rb2 40. Kg1 1-0

[Event "Europa tch 2011 femenino"]
[Site "Porto Carras"]
[Date "2011.11.10"]
[Round "8.6"]
[White "Srebrnic, Ana"]
[Black "Bulmaga, Irina"]
[Result "0-1"]
[WhiteElo "2219"]
[BlackElo "2334"]
[PlyCount "118"]
[EventDate "2011.11.03"]
[EventType "team"]
[EventRounds "9"]
[EventCountry "GRE"]
[Source "lmi"]
[SourceDate "2011.11.03"]
[WhiteTeamCountry "NED"]
[BlackTeamCountry "GRE"]

1. c4 Nf6 2. g3 e6 3. Bg2 d5 4. Nf3 Be7 5. O-O O-O 6. b3 b6 7. Bb2 Bb7 8. e3 c5
9. Nc3 Nc6 10. cxd5 Nxd5 11. Nxd5 exd5 12. d4 a5 13. Ne5 Nxe5 14. dxe5 Qd7 15.
Qh5 a4 16. Rad1 axb3 17. axb3 Ra2 18. Bc3 Qe6 19. Bh3 Qg6 20. Qxg6 hxg6 21. Bd7
Ra3 22. Rb1 Rd8 23. e6 Bc8 24. exf7+ Kxf7 25. Bxc8 Rxc8 26. Rfd1 Rd8 27. Be5
Rd7 28. e4 d4 29. b4 Bf6 30. Bxf6 gxf6 31. bxc5 bxc5 32. Rbc1 Ra5 33. Rc4 Rb7
34. Rdc1 Rbb5 35. h4 Ke6 36. Kg2 Kd6 37. R4c2 Rb4 38. Kf3 Rb3+ 39. Kf4 Rab5 40.
Ra2 Rb2 41. Ra6+ Rb6 42. Rxb6+ Rxb6 43. g4 Rb3 44. h5 gxh5 45. gxh5 Rh3 46. Kg4
Rh2 47. f4 d3 48. Kg3 Rxh5 49. Rc3 Kc6 50. Rxd3 c4 51. Rd1 Kb5 52. Kf3 c3 53.
Ke2 Kc4 54. Rd8 Rh2+ 55. Kd1 c2+ 56. Kc1 Kc3 57. Rc8+ Kd3 58. Rd8+ Kxe4 59. f5
Kxf5 0-1

[Event "Europa tch 2011 femenino"]
[Site "Porto Carras"]
[Date "2011.11.10"]
[Round "8.6"]
[White "Voicu Jagodzinsky, Carmen"]
[Black "Rozic, Vesna"]
[Result "1-0"]
[WhiteElo "2300"]
[BlackElo "2263"]
[PlyCount "83"]
[EventDate "2011.11.03"]
[EventType "team"]
[EventRounds "9"]
[EventCountry "GRE"]
[Source "lmi"]
[SourceDate "2011.11.03"]
[WhiteTeamCountry "NED"]
[BlackTeamCountry "GRE"]

1. e4 e6 2. d4 d5 3. e5 c5 4. c3 Qb6 5. Nf3 Nc6 6. Na3 cxd4 7. cxd4 Bd7 8. Nc2
Rc8 9. Be2 Bb4+ 10. Bd2 Be7 11. O-O Nh6 12. Bxh6 gxh6 13. Qd2 Bf8 14. Bd3 Nb4
15. Nxb4 Qxb4 16. Qe2 Bg7 17. a3 Qe7 18. Rac1 O-O 19. Bb1 f5 20. exf6 Bxf6 21.
Rxc8 Rxc8 22. Re1 Kh8 23. Ne5 Be8 24. h3 Rc7 25. Bd3 h5 26. f4 Qg7 27. Qe3 h4
28. Kh1 Bh5 29. Rc1 Qg3 30. Re1 Qxe3 31. Rxe3 Rc1+ 32. Kh2 Rd1 33. b4 Kg7 34.
g4 hxg3+ 35. Rxg3+ Bg6 36. Bxg6 Rd2+ 37. Kh1 Rd1+ 38. Kg2 Rd2+ 39. Kf3 Bh4 40.
Rg4 hxg6 41. Rxh4 Rxd4 42. Rg4 1-0

[Event "Europa tch 2011 femenino"]
[Site "Porto Carras"]
[Date "2011.11.10"]
[Round "8.7"]
[White "Franciskovic, Borka"]
[Black "Ohme, Melanie"]
[Result "0-1"]
[WhiteElo "2280"]
[BlackElo "2361"]
[PlyCount "116"]
[EventDate "2011.11.03"]
[EventType "team"]
[EventRounds "9"]
[EventCountry "GRE"]
[Source "lmi"]
[SourceDate "2011.11.03"]
[WhiteTeamCountry "NED"]
[BlackTeamCountry "GRE"]

1. c4 d6 2. Nc3 e5 3. g3 f5 4. Bg2 Nf6 5. d3 c6 6. e4 Be7 7. Nge2 O-O 8. O-O
Na6 9. a3 Nc7 10. exf5 Bxf5 11. d4 Qc8 12. b3 Bh3 13. Qc2 Qg4 14. f3 Qh5 15.
Be3 Ne6 16. Rad1 Bf5 17. Qd2 Qg6 18. Rc1 h5 19. d5 Nd8 20. c5 Nf7 21. cxd6 Bxd6
22. b4 Rfd8 23. Qa2 cxd5 24. Nxd5 Nxd5 25. Qxd5 Bd3 26. Qa2 h4 27. gxh4 Rd7 28.
Rfd1 Be7 29. Bf2 Rad8 30. Nc3 b6 31. Bg3 Kf8 32. Ne4 Qh6 33. Re1 Bxh4 34. Bxh4
Qxh4 35. Qf2 Qh6 36. Qe3 Qg6 37. Ng3 Ba6 38. Rc3 Rd1 39. a4 Qb1 40. Rc1 Rxc1
41. Qxc1 Qxb4 42. Ne4 Rc8 43. Qa1 Rc2 44. Kh1 Ra2 45. Qc1 Rxa4 46. Rd1 Qc4 47.
Qe3 Qe2 48. Qb3 Qa2 49. Qc3 Rc4 50. Qe3 Rc2 51. Rg1 Qb2 52. f4 Bb7 53. h3 exf4
54. Qxf4 Qe5 55. Qxe5 Nxe5 56. Re1 Nd3 57. Rf1+ Ke7 58. Ra1 Bxe4 0-1

[Event "Europa tch 2011 femenino"]
[Site "Porto Carras"]
[Date "2011.11.10"]
[Round "8.7"]
[White "Jelica, Mara"]
[Black "Hoolt, Sarah"]
[Result "1-0"]
[WhiteElo "2234"]
[BlackElo "2286"]
[PlyCount "195"]
[EventDate "2011.11.03"]
[EventType "team"]
[EventRounds "9"]
[EventCountry "GRE"]
[Source "lmi"]
[SourceDate "2011.11.03"]
[WhiteTeamCountry "NED"]
[BlackTeamCountry "GRE"]

1. e4 e6 2. d4 d5 3. Nd2 Nf6 4. e5 Nfd7 5. Bd3 c5 6. c3 Nc6 7. Ne2 a5 8. f4
cxd4 9. cxd4 f5 10. Nf3 Be7 11. O-O Nb6 12. Kh1 Bd7 13. Nc3 a4 14. Rg1 O-O 15.
Rb1 Nb4 16. Be2 Rc8 17. a3 Nc6 18. Bb5 Na5 19. Bxa4 Nxa4 20. Nxa4 b5 21. Nc5
Bxc5 22. dxc5 Qc7 23. Nd4 Qb7 24. b4 Nc4 25. Rb3 Rce8 26. Rh3 Re7 27. Qh5 g6
28. Qg5 Rff7 29. g4 fxg4 30. Qxg4 Rg7 31. Rhg3 Be8 32. Qe2 Kh8 33. h3 Qa6 34.
Qd3 Qc8 35. Kh2 Qc7 36. Be3 Bd7 37. Bf2 Ref7 38. Be3 Rf8 39. Rg4 Ra8 40. Bc1
Rf8 41. c6 Bc8 42. h4 Rff7 43. Rg5 Qa7 44. R1g2 Re7 45. Nxb5 Qb6 46. Nd4 Ba6
47. Qd1 Bb5 48. h5 Bxc6 49. hxg6 Be8 50. gxh7 Rxg5 51. Rxg5 Rxh7+ 52. Kg2 Bf7
53. Rg3 Qa7 54. b5 Qa5 55. a4 Bh5 56. Ne2 Qb4 57. f5 Qb1 58. Nc3 Qxf5 59. Qd3
Qxe5 60. Bd2 Nxd2 61. Qxd2 Bg4 62. Qf2 Bf5 63. b6 d4 64. Qf3 Qb8 65. Nd1 Rh4
66. Kg1 d3 67. b7 Qa7+ 68. Kf1 e5 69. Qc6 Rf4+ 70. Ke1 d2+ 71. Ke2 Re4+ 72. Re3
Bg4+ 73. Kxd2 Rd4+ 74. Rd3 Rxd3+ 75. Kxd3 Qd4+ 76. Kc2 Bxd1+ 77. Kb1 Qb4+ 78.
Kc1 Bg4 79. Qe8+ Kh7 80. Qf7+ Kh6 81. Qf6+ Kh5 82. Qxe5+ Kh4 83. b8=Q Qc4+ 84.
Kd2 Qa2+ 85. Qbb2 Qxa4 86. Qh8+ Kg3 87. Qbe5+ Qf4+ 88. Qxf4+ Kxf4 89. Qh6+ Kf5
90. Qf8+ Ke4 91. Kc3 Bf5 92. Kc4 Bg4 93. Qe7+ Kf4 94. Kd4 Bf5 95. Qf6 Kg4 96.
Ke3 Bb1 97. Qf4+ Kh5 98. Qh2+ 1-0

[Event "Europa tch 2011 femenino"]
[Site "Porto Carras"]
[Date "2011.11.10"]
[Round "8.7"]
[White "Levushkina, Elena"]
[Black "Saric, Kristina"]
[Result "1-0"]
[WhiteElo "2307"]
[BlackElo "2255"]
[PlyCount "65"]
[EventDate "2011.11.03"]
[EventType "team"]
[EventRounds "9"]
[EventCountry "GRE"]
[Source "lmi"]
[SourceDate "2011.11.03"]
[WhiteTeamCountry "NED"]
[BlackTeamCountry "GRE"]

1. e4 c5 2. c3 Nf6 3. e5 Nd5 4. d4 cxd4 5. Nf3 Nc6 6. Bc4 e6 7. cxd4 d6 8. O-O
Be7 9. Qe2 O-O 10. Nc3 Nxc3 11. bxc3 dxe5 12. dxe5 Qc7 13. Bd3 b6 14. Re1 Bb7
15. Ng5 h6 16. Qe4 g6 17. Nxe6 Qxe5 18. Qxe5 Nxe5 19. Nxf8 Bf6 20. Be4 Bxe4 21.
Rxe4 Rxf8 22. Be3 Nd3 23. Bd4 Bg5 24. Rd1 Nb2 25. Rb1 Nc4 26. Re2 Rc8 27. Rbe1
Kf8 28. h4 Bd2 29. Rd1 Bf4 30. Bf6 b5 31. Re7 Nb6 32. Rxa7 Bc7 33. Rxc7 1-0

[Event "Europa tch 2011 femenino"]
[Site "Porto Carras"]
[Date "2011.11.10"]
[Round "8.7"]
[White "Michna, Marta"]
[Black "Golubenko, Valentina"]
[Result "1/2-1/2"]
[WhiteElo "2382"]
[BlackElo "2293"]
[PlyCount "100"]
[EventDate "2011.11.03"]
[EventType "team"]
[EventRounds "9"]
[EventCountry "GRE"]
[Source "lmi"]
[SourceDate "2011.11.03"]
[WhiteTeamCountry "NED"]
[BlackTeamCountry "GRE"]

1. b3 e5 2. Bb2 Nc6 3. e3 Nf6 4. d3 d5 5. Nd2 Bd6 6. g3 h5 7. h3 Bf5 8. Bg2 O-O
9. Ne2 Qd7 10. a3 a5 11. Nf3 e4 12. dxe4 dxe4 13. Ng5 Qe7 14. Nf4 Be5 15. Bxe5
Qxe5 16. O-O Rad8 17. Qe2 h4 18. Qc4 hxg3 19. fxg3 Ne7 20. a4 c6 21. g4 Bxg4
22. Nxe4 Nxe4 23. Qxe4 Qxe4 24. Bxe4 Bc8 25. Rf3 Nf5 26. Ng2 g6 27. Bd3 Kg7 28.
Raf1 Rfe8 29. h4 Re7 30. h5 Rde8 31. hxg6 fxg6 32. Kf2 Rh8 33. Nf4 Rh2+ 34. Kg1
Rh6 35. e4 Nd6 36. Re1 Re5 37. Rg3 Kh7 38. Kf2 g5 39. Ng2 Rh2 40. Kg1 Rh6 41.
Ne3 Rh4 42. Rf3 Kg7 43. Ng2 Rg4 44. Rfe3 Be6 45. Kf2 Bf7 46. Kf3 Bh5 47. Kf2
Bg6 48. Kf3 Bh5 49. Kf2 Bg6 50. Kf3 Bh5 1/2-1/2

[Event "Europa tch 2011 femenino"]
[Site "Porto Carras"]
[Date "2011.11.10"]
[Round "8.8"]
[White "Kazimova, Narmin"]
[Black "Exler, Veronika"]
[Result "1-0"]
[WhiteElo "2241"]
[BlackElo "2124"]
[PlyCount "91"]
[EventDate "2011.11.03"]
[EventType "team"]
[EventRounds "9"]
[EventCountry "GRE"]
[Source "lmi"]
[SourceDate "2011.11.03"]
[WhiteTeamCountry "NED"]
[BlackTeamCountry "GRE"]

1. d4 d5 2. c4 e6 3. Nc3 Bb4 4. Nf3 Nf6 5. Qa4+ Nc6 6. e3 O-O 7. Bd2 dxc4 8.
Bxc4 Bd6 9. O-O a6 10. Rfd1 e5 11. d5 Ne7 12. e4 Bg4 13. Be2 Nd7 14. Qc2 h6 15.
h3 Bxf3 16. Bxf3 f5 17. exf5 Nxf5 18. Ne2 Qf6 19. Rf1 Rae8 20. Rae1 Nc5 21. Bh5
g6 22. b4 Nd7 23. Bf3 Kh7 24. Be4 Nb6 25. a4 Kg7 26. a5 Nc8 27. Ng3 Nd4 28. Qd3
Ne7 29. Bc3 Nef5 30. Bxf5 Nxf5 31. f4 Kh7 32. Ne4 Qg7 33. Nc5 Bxc5+ 34. bxc5
Qe7 35. Qc4 e4 36. Be5 Ng3 37. Rf2 Qf7 38. Qd4 Rd8 39. Rd1 h5 40. f5 Nxf5 41.
Qxe4 Qe7 42. d6 cxd6 43. cxd6 Rxd6 44. Rxd6 Nxd6 45. Rxf8 Qxf8 46. Qb4 1-0

[Event "Europa tch 2011 femenino"]
[Site "Porto Carras"]
[Date "2011.11.10"]
[Round "8.8"]
[White "Moser, Eva"]
[Black "Mamedjarova, Zeinab"]
[Result "1-0"]
[WhiteElo "2448"]
[BlackElo "2314"]
[PlyCount "81"]
[EventDate "2011.11.03"]
[EventType "team"]
[EventRounds "9"]
[EventCountry "GRE"]
[Source "lmi"]
[SourceDate "2011.11.03"]
[WhiteTeamCountry "NED"]
[BlackTeamCountry "GRE"]

1. Nc3 c5 2. e4 Nc6 3. g3 e6 4. Bg2 Nge7 5. d3 d5 6. exd5 exd5 7. Nge2 d4 8.
Ne4 Nd5 9. O-O Be7 10. c4 dxc3 11. bxc3 O-O 12. Bb2 Be6 13. c4 Ndb4 14. Nf4
Nxd3 15. Qxd3 Qxd3 16. Nxd3 Bxc4 17. Rfd1 Rac8 18. Ne5 Nxe5 19. Bxe5 Rfe8 20.
Bd6 f5 21. Bxe7 fxe4 22. Rdc1 b5 23. Bh3 Ra8 24. Bxc5 a5 25. Be3 Re7 26. Bf1
Bd3 27. Bxd3 exd3 28. Rc3 Rd7 29. Rd1 b4 30. Rcxd3 Rxd3 31. Rxd3 a4 32. Rd7 Rc8
33. Rb7 Rc4 34. Kg2 h5 35. h4 Rc2 36. Rxb4 Rxa2 37. Kf3 Kf7 38. Rb7+ Ke6 39.
Rxg7 a3 40. Rg5 Ra1 41. Rxh5 1-0

[Event "Europa tch 2011 femenino"]
[Site "Porto Carras"]
[Date "2011.11.10"]
[Round "8.8"]
[White "Newrkla, Katharina"]
[Black "Mamedjarova, Turkan"]
[Result "1-0"]
[WhiteElo "2131"]
[BlackElo "2277"]
[PlyCount "75"]
[EventDate "2011.11.03"]
[EventType "team"]
[EventRounds "9"]
[EventCountry "GRE"]
[Source "lmi"]
[SourceDate "2011.11.03"]
[WhiteTeamCountry "NED"]
[BlackTeamCountry "GRE"]

1. e4 e5 2. Nf3 Nc6 3. Bb5 a6 4. Ba4 Nf6 5. O-O Be7 6. Re1 b5 7. Bb3 d6 8. c3
O-O 9. h3 Nb8 10. d4 Nbd7 11. Nbd2 Bb7 12. Bc2 c5 13. b3 Rc8 14. d5 Re8 15. Nf1
Bf8 16. g4 g6 17. Ng3 Kh8 18. Bg5 Qc7 19. Nh4 a5 20. Qf3 Bg7 21. Ng2 c4 22. b4
axb4 23. cxb4 Ra8 24. h4 Ra6 25. Bc1 Rea8 26. a3 Ng8 27. h5 Nb6 28. Nh4 Qd8 29.
g5 Qe8 30. Kg2 Nc8 31. Rh1 Nce7 32. Ne2 Bc8 33. Nc3 Rb8 34. Bb2 Qd7 35. Bd1 h6
36. Qxf7 Ra7 37. hxg6 Bb7 38. Nf5 1-0

[Event "Europa tch 2011 femenino"]
[Site "Porto Carras"]
[Date "2011.11.10"]
[Round "8.8"]
[White "Umudova, Nargiz"]
[Black "Novkovic, Julia"]
[Result "0-1"]
[WhiteElo "2210"]
[BlackElo "2089"]
[PlyCount "76"]
[EventDate "2011.11.03"]
[EventType "team"]
[EventRounds "9"]
[EventCountry "GRE"]
[Source "lmi"]
[SourceDate "2011.11.03"]
[WhiteTeamCountry "NED"]
[BlackTeamCountry "GRE"]

1. e4 c5 2. Nf3 d6 3. d4 cxd4 4. Nxd4 Nf6 5. Nc3 Nc6 6. Bc4 Qb6 7. Nb3 e6 8.
O-O a6 9. Kh1 h5 10. a4 Ng4 11. Qe2 Nce5 12. a5 Qd8 13. Bd3 Qh4 14. Bf4 Bd7 15.
Bg3 Qe7 16. f3 h4 17. Be1 Nf6 18. f4 Nxd3 19. cxd3 e5 20. f5 Bc6 21. Nc1 d5 22.
h3 Rd8 23. exd5 Nxd5 24. Nxd5 Rxd5 25. Na2 Qg5 26. Bd2 Qh5 27. Rf3 Rb5 28. Raf1
Bxf3 29. Rxf3 Bd6 30. b4 O-O 31. f6 g6 32. Qe1 e4 33. dxe4 Bg3 34. Qb1 Rd8 35.
Be3 Qe5 36. Bc5 Qxc5 37. Rf1 Qd4 38. Qc1 Qd2 0-1

[Event "Europa tch 2011 femenino"]
[Site "Porto Carras"]
[Date "2011.11.10"]
[Round "8.9"]
[White "Dembo, Yelena"]
[Black "Porat, Maya"]
[Result "1/2-1/2"]
[WhiteElo "2468"]
[BlackElo "2299"]
[PlyCount "93"]
[EventDate "2011.11.03"]
[EventType "team"]
[EventRounds "9"]
[EventCountry "GRE"]
[Source "lmi"]
[SourceDate "2011.11.03"]
[WhiteTeamCountry "NED"]
[BlackTeamCountry "GRE"]

1. e4 c5 2. Nf3 e6 3. Nc3 Nc6 4. d4 cxd4 5. Nxd4 Nf6 6. Ndb5 Bb4 7. a3 Bxc3+ 8.
Nxc3 d5 9. exd5 exd5 10. Bd3 O-O 11. O-O d4 12. Ne2 Bg4 13. f3 Bh5 14. Nf4 Bg6
15. Nxg6 hxg6 16. f4 Ne7 17. Bd2 Nf5 18. Qf3 Qd5 19. Rae1 Qxf3 20. Rxf3 Rfe8
21. Re5 Ng4 22. Rxe8+ Rxe8 23. Rf1 Nge3 24. Re1 Rc8 25. c3 dxc3 26. Bxc3 Nd5
27. Bd2 Rd8 28. Be4 Nf6 29. Bc3 Nxe4 30. Rxe4 Rd7 31. Re8+ Kh7 32. Re4 Ne7 33.
Kf2 f6 34. Rd4 Nd5 35. Kf3 Kg8 36. g4 Kf7 37. f5 gxf5 38. gxf5 Ke7 39. Be1 Kd6
40. Bg3+ Kc6 41. Bf2 Nb6 42. Rxd7 Nxd7 43. Ke4 b6 44. Be3 Nc5+ 45. Kd4 Nb3+ 46.
Kc4 Na5+ 47. Kd4 1/2-1/2

[Event "Europa tch 2011 femenino"]
[Site "Porto Carras"]
[Date "2011.11.10"]
[Round "8.9"]
[White "Efroimski, Marsel"]
[Black "Makropoulou, Marina"]
[Result "1-0"]
[WhiteElo "2230"]
[BlackElo "2201"]
[PlyCount "113"]
[EventDate "2011.11.03"]
[EventType "team"]
[EventRounds "9"]
[EventCountry "GRE"]
[Source "lmi"]
[SourceDate "2011.11.03"]
[WhiteTeamCountry "NED"]
[BlackTeamCountry "GRE"]

1. e4 e5 2. Nf3 Nc6 3. Nc3 Nf6 4. Bb5 Bb4 5. d3 d6 6. O-O O-O 7. Bg5 Bxc3 8.
bxc3 Qe7 9. h3 Nd8 10. Re1 Ne6 11. Bd2 c6 12. Bc4 b5 13. Bb3 Nc5 14. a4 bxa4
15. Bxa4 Bd7 16. c4 Rfb8 17. Bc3 h6 18. Nh2 Nh7 19. Nf1 Ng5 20. Ng3 g6 21. Qd2
f6 22. f4 Nf7 23. Qf2 Rb7 24. h4 Rf8 25. f5 g5 26. Qe2 gxh4 27. Qg4+ Ng5 28.
Qxh4 Be8 29. Qxh6 Qd8 30. Qh4 Rh7 31. Qg4 Rff7 32. Qe2 Rfg7 33. Qf2 Rh4 34. Bd2
Qe7 35. Reb1 Rg4 36. Rb8 Nh3+ 37. gxh3 Rxg3+ 38. Kh2 Nxa4 39. Rxa4 Kh7 40. Ra8
Qf7 41. R4xa7 Qh5 42. Rxg7+ Rxg7 43. Be1 Rg8 44. Rd8 Qd1 45. Rxd6 Bh5 46. Rxf6
Bf3 47. Qh4+ Bh5 48. Qf2 Bf3 49. Rg6 Rxg6 50. fxg6+ Kxg6 51. Kg3 Bh5 52. Bb4
Kh7 53. Qf5+ Bg6 54. Qd7+ Kg8 55. Qe6+ Kh7 56. Qd7+ Kg8 57. Qg4 1-0

[Event "Europa tch 2011 femenino"]
[Site "Porto Carras"]
[Date "2011.11.10"]
[Round "8.9"]
[White "Vasiliev, Olga"]
[Black "Pavlidou, Ekaterini"]
[Result "1-0"]
[WhiteElo "2305"]
[BlackElo "2176"]
[PlyCount "99"]
[EventDate "2011.11.03"]
[EventType "team"]
[EventRounds "9"]
[EventCountry "GRE"]
[Source "lmi"]
[SourceDate "2011.11.03"]
[WhiteTeamCountry "NED"]
[BlackTeamCountry "GRE"]

1. e4 c5 2. Nf3 Nc6 3. d4 cxd4 4. Nxd4 Nf6 5. Nc3 e5 6. Ndb5 d6 7. Bg5 a6 8.
Na3 b5 9. Nd5 Be7 10. Bxf6 Bxf6 11. c4 b4 12. Nc2 O-O 13. g3 Bg5 14. Bg2 Qa5
15. O-O Qc5 16. h4 Bd8 17. a3 b3 18. Ncb4 Nd4 19. Rc1 a5 20. Nd3 Qa7 21. c5
dxc5 22. Nxe5 Ba6 23. Re1 a4 24. Kh2 Ba5 25. Re3 Rad8 26. f4 Kh8 27. Nc4 Bc7
28. Qh5 Bb8 29. Ncb6 Rd6 30. Nxa4 Rh6 31. Qd1 Nc2 32. Rxb3 c4 33. Rxb8 Qxb8 34.
Rxc2 g5 35. Qd4+ f6 36. fxg5 Rxh4+ 37. Kg1 Qxg3 38. Nxf6 Qh2+ 39. Kf2 Rf4+ 40.
Ke1 Qg3+ 41. Kd1 Qd3+ 42. Qxd3 cxd3 43. Rc7 Rh4 44. Nc5 Bc4 45. Ncd7 Bb3+ 46.
Kd2 Rd8 47. Kxd3 Rh2 48. Kc3 Ba4 49. Ne5 Rf8 50. Neg4 1-0

[Event "Europa tch 2011 femenino"]
[Site "Porto Carras"]
[Date "2011.11.10"]
[Round "8.10"]
[White "Brunello, Marina"]
[Black "Bensdorp, Marlies"]
[Result "1-0"]
[WhiteElo "2221"]
[BlackElo "2242"]
[PlyCount "133"]
[EventDate "2011.11.03"]
[EventType "team"]
[EventRounds "9"]
[EventCountry "GRE"]
[Source "lmi"]
[SourceDate "2011.11.03"]
[WhiteTeamCountry "NED"]
[BlackTeamCountry "GRE"]

1. e4 e6 2. d4 d5 3. Nd2 c5 4. exd5 Qxd5 5. Ngf3 cxd4 6. Bc4 Qd7 7. O-O Nc6 8.
Re1 a6 9. a4 Nf6 10. Nb3 Be7 11. Nbxd4 Nxd4 12. Nxd4 Qc7 13. Bd3 O-O 14. Qf3
Bd6 15. h3 Be5 16. Be3 Bd7 17. c3 Rac8 18. Qe2 Bh2+ 19. Kh1 Bf4 20. Kg1 Rfd8
21. Bxf4 Qxf4 22. a5 g6 23. g3 Qc7 24. Qe5 Kg7 25. Qxc7 Rxc7 26. Bf1 Nd5 27.
Bg2 Ne7 28. Ra3 Kf6 29. Rb3 Bc8 30. f4 Rd6 31. Re5 h6 32. h4 Nf5 33. Nxf5 gxf5
34. Kf2 Ke7 35. Rb4 Rd2+ 36. Re2 Rd3 37. Re3 Rd2+ 38. Re2 Rd3 39. Rb6 Rcd7 40.
Bf3 Kd8 41. Rc2 Kc7 42. c4 Rd2+ 43. Rxd2 Rxd2+ 44. Ke3 Rc2 45. Kd4 f6 46. Rb3
Rd2+ 47. Ke3 Rc2 48. Kd3 Rf2 49. Kd4 Rd2+ 50. Kc3 Rf2 51. Kb4 e5 52. fxe5 fxe5
53. Bd5 f4 54. Kc5 Rh2 55. gxf4 exf4 56. Rb6 Rxh4 57. Rf6 Rh2 58. b4 h5 59.
Rxf4 h4 60. Rf7+ Kb8 61. Kb6 Rb2 62. b5 axb5 63. cxb5 h3 64. Bxb7 h2 65. a6
Bxb7 66. Rxb7+ Kc8 67. Rh7 1-0

[Event "Europa tch 2011 femenino"]
[Site "Porto Carras"]
[Date "2011.11.10"]
[Round "8.10"]
[White "Haast, Anne"]
[Black "Messina, Roberta"]
[Result "1-0"]
[WhiteElo "2268"]
[BlackElo "1964"]
[PlyCount "59"]
[EventDate "2011.11.03"]
[EventType "team"]
[EventRounds "9"]
[EventCountry "GRE"]
[Source "lmi"]
[SourceDate "2011.11.03"]
[WhiteTeamCountry "NED"]
[BlackTeamCountry "GRE"]

1. e4 c5 2. Nf3 d6 3. d4 cxd4 4. Nxd4 Nf6 5. Nc3 a6 6. Qe2 e6 7. g4 h6 8. Bg2
Qc7 9. Nb3 e5 10. h3 b5 11. Nd5 Nxd5 12. exd5 Be7 13. Be3 Bb7 14. O-O-O Nd7 15.
Kb1 Rc8 16. f4 O-O 17. h4 Qc4 18. Qd2 exf4 19. Bxf4 Nb6 20. Na5 Qc7 21. Nxb7
Qxb7 22. g5 h5 23. Rhe1 Rfd8 24. g6 fxg6 25. Bh3 Rc7 26. Be6+ Kh7 27. Rg1 Nd7
28. Qd3 Nf8 29. Rxg6 Nxe6 30. Rh6+ 1-0

[Event "Europa tch 2011 femenino"]
[Site "Porto Carras"]
[Date "2011.11.10"]
[Round "8.10"]
[White "Lanchava, Tea"]
[Black "Zimina, Olga"]
[Result "1-0"]
[WhiteElo "2320"]
[BlackElo "2338"]
[PlyCount "83"]
[EventDate "2011.11.03"]
[EventType "team"]
[EventRounds "9"]
[EventCountry "GRE"]
[Source "lmi"]
[SourceDate "2011.11.03"]
[WhiteTeamCountry "NED"]
[BlackTeamCountry "GRE"]

1. g3 d5 2. Bg2 Nf6 3. d3 c6 4. f4 g6 5. Nf3 Bg7 6. e3 O-O 7. O-O Qb6 8. Qe1
Na6 9. Kh1 Nb4 10. Qe2 a5 11. c3 Na6 12. e4 dxe4 13. dxe4 a4 14. Be3 Qa5 15.
Nbd2 Qh5 16. Rae1 Bh3 17. Bxh3 Qxh3 18. f5 gxf5 19. Ng5 Qg4 20. Rxf5 e6 21. Rf3
h6 22. e5 Nd5 23. Nge4 Qg6 24. Bd4 Rad8 25. a3 Ne7 26. g4 Kh8 27. Rh3 Rd5 28.
g5 Nf5 29. gxh6 Bxe5 30. Rg1 Nxd4 31. cxd4 Qf5 32. Qg2 Qg6 33. Qxg6 fxg6 34.
dxe5 Rxe5 35. Rxg6 Nc5 36. Nxc5 Rxc5 37. Rhg3 Rc2 38. Ne4 Rf1+ 39. Rg1 Rxg1+
40. Kxg1 Kh7 41. Rxe6 Rc1+ 42. Kg2 1-0

[Event "Europa tch 2011 femenino"]
[Site "Porto Carras"]
[Date "2011.11.10"]
[Round "8.11"]
[White "Cemhan, Kardelen"]
[Black "Erneste, Inguna"]
[Result "1/2-1/2"]
[WhiteElo "1881"]
[BlackElo "2218"]
[PlyCount "98"]
[EventDate "2011.11.03"]
[EventType "team"]
[EventRounds "9"]
[EventCountry "GRE"]
[Source "lmi"]
[SourceDate "2011.11.03"]
[WhiteTeamCountry "NED"]
[BlackTeamCountry "GRE"]

1. e4 e5 2. Nf3 Nc6 3. Bc4 Nf6 4. Ng5 d5 5. exd5 Na5 6. Bb5+ c6 7. dxc6 bxc6 8.
Be2 h6 9. Nf3 e4 10. Ne5 Bc5 11. c3 Bd6 12. f4 exf3 13. Nxf3 O-O 14. d4 Qc7 15.
O-O Be6 16. Kh1 Rfe8 17. Ne5 Rad8 18. Qc2 c5 19. Na3 cxd4 20. Nb5 Qc5 21. Nxd6
Qxd6 22. cxd4 Qxd4 23. Nf3 Qb6 24. Bd2 Nc6 25. Be1 Rc8 26. Bf2 Qa5 27. Qd2 Qa4
28. b3 Qa3 29. Bb5 Red8 30. Qe2 Ne7 31. Nd4 Bg4 32. Qe5 Rd5 33. Qg3 Rcd8 34.
Nc2 Qb2 35. Ne3 Ne4 36. Qf4 Nxf2+ 37. Qxf2 Qxf2 38. Rxf2 Rxb5 39. Nxg4 Rbd5 40.
Kg1 Rd4 41. Ne5 f6 42. Nc4 Nc6 43. Re1 Kf7 44. Rfe2 Rd1 45. Kf2 h5 46. Re6 Rxe1
47. Rxe1 g5 48. a4 h4 49. g3 Nd4 1/2-1/2

[Event "Europa tch 2011 femenino"]
[Site "Porto Carras"]
[Date "2011.11.10"]
[Round "8.11"]
[White "Ozturk, Kubra"]
[Black "Berzina, Ilze"]
[Result "1-0"]
[WhiteElo "2239"]
[BlackElo "2320"]
[PlyCount "59"]
[EventDate "2011.11.03"]
[EventType "team"]
[EventRounds "9"]
[EventCountry "GRE"]
[Source "lmi"]
[SourceDate "2011.11.03"]
[WhiteTeamCountry "NED"]
[BlackTeamCountry "GRE"]

1. d4 Nf6 2. c4 e6 3. Nf3 Bb4+ 4. Nbd2 b6 5. e3 Bb7 6. Bd3 O-O 7. O-O c5 8. a3
Bxd2 9. Bxd2 Ne4 10. b4 f5 11. bxc5 bxc5 12. Rb1 Bc6 13. Ne5 Ba4 14. Bc2 Bxc2
15. Qxc2 d6 16. Nd3 Nd7 17. Nf4 Rf6 18. d5 exd5 19. Nxd5 Rh6 20. f3 Qh4 21.
fxe4 Qxh2+ 22. Kf2 Qh4+ 23. Ke2 Ne5 24. Bc3 Qg4+ 25. Ke1 Nxc4 26. Ne7+ Kh8 27.
Nxf5 Rg6 28. Bxg7+ Rxg7 29. Qxc4 Qxg2 30. Qc3 1-0

[Event "Europa tch 2011 femenino"]
[Site "Porto Carras"]
[Date "2011.11.10"]
[Round "8.11"]
[White "Skinke, Katrina"]
[Black "Kaya, Emel"]
[Result "1-0"]
[WhiteElo "2227"]
[BlackElo "2005"]
[PlyCount "61"]
[EventDate "2011.11.03"]
[EventType "team"]
[EventRounds "9"]
[EventCountry "GRE"]
[Source "lmi"]
[SourceDate "2011.11.03"]
[WhiteTeamCountry "NED"]
[BlackTeamCountry "GRE"]

1. e4 e5 2. Nf3 Nc6 3. d4 exd4 4. Nxd4 Bc5 5. Be3 Qf6 6. c3 Nge7 7. Bc4 Nxd4 8.
cxd4 Bb4+ 9. Nc3 c6 10. O-O Bxc3 11. bxc3 d5 12. Bd3 dxe4 13. Bxe4 Bf5 14. Bf3
O-O 15. Qb3 b6 16. Rfe1 Be6 17. Qa3 Nf5 18. Bxc6 Rad8 19. Be4 Nd6 20. Bf3 Nb5
21. Qb4 Nd6 22. d5 Bh3 23. Bd4 Qg6 24. Be5 Bc8 25. a4 Ba6 26. a5 b5 27. Qc5 Nc4
28. Bf4 Qf6 29. Bc7 Rc8 30. d6 h6 31. d7 1-0